Introducción a la biología marina
Guardat en:
| Autor principal: | |
|---|---|
| Format: | Llibre |
| Idioma: | espanyol |
| Publicat: |
Zaragoza
Acribia
1974
|
| Matèries: | |
| Etiquetes: |
Afegir etiqueta
Sense etiquetes, Sigues el primer a etiquetar aquest registre!
|
MARC
| LEADER | 00000nam a2200000 a 4500 | ||
|---|---|---|---|
| 001 | UCY3390 | ||
| 003 | CL-VaPUC | ||
| 008 | 941226e19740000SP |||||||||||||||||spa|d | ||
| 082 | 0 | 4 | |a 578.77 |b MCC |2 21 |
| 100 | |a McConnaughey, Bayard Harlow |e autor |9 331677 | ||
| 245 | 1 | 0 | |a Introducción a la biología marina |
| 246 | 1 | 0 | |a Biología marina |
| 942 | |c BK | ||
| 945 | |d 19941226 00:00:00 |a mfernand | ||
| 260 | |a Zaragoza |b Acribia |c 1974 | ||
| 650 | 0 | |a Biología marina |9 259965 | |
| 583 | |a last modification |c 19941226 00:00:00 |k Rodrigo Vera | ||
| 999 | |c 231541 |d 231539 | ||
| 952 | |0 0 |1 0 |4 0 |6 578_770000000000000_MCC_1974 |7 0 |8 CCM |9 234893 |a BIBCUR |b BIBCUR |d 2019-11-15 |i 3048217 |l 4 |m 4 |o 578.77 MCC 1974 |p 3048217 |r 2025-04-22 |s 2023-08-24 |w 2019-11-15 |y BK |k CIM | ||
| 952 | |0 0 |1 0 |4 0 |6 578_770000000000000_MCC_1974 |7 0 |8 CCM |9 234894 |a BIBCUR |b BIBCUR |d 2019-11-15 |i 3048225 |l 1 |o 578.77 MCC 1974 |p 3048225 |r 2025-04-22 |s 2023-03-15 |w 2019-11-15 |y BK |k CIM | ||